Podnikateľský plán malého podniku diplomová práca

Na minha lista:
Detalhes bibliográficos
Autor principal: Stašová, Miroslava
Autor Corporativo: Podnikovohospodárska fakulta EU so sídlom v Košiciach. Katedra ekonómie
Outros Autores: Bruothová, Michaela, 1979-
Formato: Livro
Idioma:eslovaco
Publicado em: Košice 2017
Tags: Adicionar Tag
Sem tags, seja o primeiro a adicionar uma tag!

MARC

LEADER 00000nbm a2200000 4500
001 0231516
005 20240827092758.3
041 0 |a slo 
044 |a SK 
245 1 0 |a Podnikateľský plán malého podniku  |b diplomová práca  |c Miroslava Stašová ; školiteľ: Michaela Bruothová 
264 1 |a Košice  |c 2017 
300 |a 99 s. 
100 1 |a Stašová, Miroslava 
700 1 |a Bruothová, Michaela, 1979- 
710 2 |a Podnikovohospodárska fakulta EU so sídlom v Košiciach. Katedra ekonómie